Lepton-Hadron scattering (Record no. 11785)
[ view plain ]
| 000 -LEADER | |
|---|---|
| fixed length control field | 00776nam a2200181Ia 4500 |
| 003 - CONTROL NUMBER IDENTIFIER | |
| control field | IN-BaIIA |
| 008 - FIXED-LENGTH DATA ELEMENTS--GENERAL INFORMATION | |
| fixed length control field | 211028s9999 xx 000 0 eng d |
| 040 ## - CATALOGING SOURCE | |
| Transcribing agency | IIA Library |
| 080 ## - UNIVERSAL DECIMAL CLASSIFICATION NUMBER | |
| Universal Decimal Classification number | 539.12(082.1) |
| Item number | LEP |
| 111 ## - MAIN ENTRY--MEETING NAME | |
| Meeting name or jurisdiction name as entry element | SLAC Summer institute on pticle Physics on Lepton-Hadron Scattering |
| Number of part/section/meeting | 19th |
| Location of meeting | California |
| Date of meeting or treaty signing | 1994 Aug. 5-16 |
| 9 (RLIN) | 20441 |
| 245 #0 - TITLE STATEMENT | |
| Title | Lepton-Hadron scattering |
| Remainder of title | proceedings of the nineteenth SLAC summer Institute on pt.icle Physics on Lept.on-Hadron scattering |
| Statement of responsibility, etc. | edited by Jane F Hawthorne |
| 260 ## - PUBLICATION, DISTRIBUTION, ETC. | |
| Place of publication, distribution, etc. | Stanford |
| Name of publisher, distributor, etc. | Stanford Linear Acclerator Center |
| Date of publication, distribution, etc. | 1992 |
| 300 ## - PHYSICAL DESCRIPTION | |
| Extent | [various pagings.] |
| 650 ## - SUBJECT ADDED ENTRY--TOPICAL TERM | |
| Topical term or geographic name entry element | Lepton-Hadron scattering |
| 9 (RLIN) | 20442 |
| 650 ## - SUBJECT ADDED ENTRY--TOPICAL TERM | |
| Topical term or geographic name entry element | pticle Physics |
| 9 (RLIN) | 2818 |
| 700 ## - ADDED ENTRY--PERSONAL NAME | |
| Personal name | Hawthorne, Jane F., ed. |
| 9 (RLIN) | 20443 |
| 942 ## - ADDED ENTRY ELEMENTS (KOHA) | |
| Koha item type | Books |
| Withdrawn status | Lost status | Damaged status | Not for loan | Home library | Current library | Shelving location | Date acquired | Total Checkouts | Full call number | Barcode | Date last seen | Price effective from | Koha item type |
|---|---|---|---|---|---|---|---|---|---|---|---|---|---|
| IIA Library-Bangalore | IIA Library-Bangalore | General Stacks | 08/07/1996 | 539.12(082.1)/ LEP | 12700 | 05/11/2021 | 08/07/1996 | Books |